Quizzes
Events
Quiz Creation
Community
Videos
Private Events
Remove Ads
Sign In
Join for FREE
Feedback
Dark Mode
Quiz Categories
Sports
Geography
Music
Movies
Television
Just For Fun
Miscellaneous
History
Literature
Language
Science
Gaming
Entertainment
Religion
Holiday
For Kids
Quiz Lab
Recent
Popular Today
Quiz Kudos Today
Editor Picks
Curator Picks
Quizzes by...
Day
Popularity
Type
Ratings
Length
Year
Community
Subscriptions
Recent Discussions
Orange Saloon
Badges
Playlists
Quests
Create
Leaderboards
Showdown
Live 5
Trivia Bingo
Activity
Puzzle Library
Sporcle Events
Private Events
Virtual Trivia
Globe League
Become a Host
Pub Owners
SporcleCon
Opinionation
Our Games
Videos
Blog
Mobile Apps
Partnerships
Remove Ads and Go Orange
Feedback
Sports
Athletes
MLB
NBA
NHL
NFL
Soccer
Sports Teams
WWE
NCAA
Football
Premier League
Basketball
Baseball
Hockey
Golf
Tennis
Cricket
Rugby
Auto Racing
Olympics
World Cup
Sports
Athletes
MLB
NBA
NHL
NFL
Soccer
Sports Teams
WWE
NCAA
Football
Premier League
Basketball
Baseball
Hockey
Golf
Tennis
Cricket
Rugby
Auto Racing
Olympics
World Cup
Random Quiz
Search Sporcle
×
Curator Pick
Curator Pick
Sports
Canada
Type in answers that appear in a list
Type in answers that appear in a list
Classic
Best Score? Go Orange.
Canadian Hockey League Teams Stats
Can you name all CHL Teams?
By
Leafsdude
15m
60 Questions
709 Plays
709 Plays
709 Plays
Comments
Comments
Give Quiz Kudos
Give Quiz Kudos
-
- Ratings
hide this ad
Replay
Link that replays current quiz
Next Quiz
Link to next quiz in quiz playlist
You Got
0%
They Got
Avg Score
70%
Avg Friend Score
Upgrade to see
Score Distribution
Jump to the score distribution portion of the page
Score
0/60
Timer
15:00
0
Plays Today
League
Team
% Correct
Ontario Hockey League
London Knights
86.7%
Ontario Hockey League
Erie Otters
83.1%
Ontario Hockey League
Ottawa 67s
81.4%
Western Hockey League
Calgary Hitmen
81.2%
Western Hockey League
Vancouver Giants
80.4%
Western Hockey League
Edmonton Oil Kings
80.3%
Western Hockey League
Winnipeg Ice
80.1%
Ontario Hockey League
Windsor Spitfires
80%
Quebec Major Junior Hockey League
Halifax Mooseheads
79.8%
Western Hockey League
Brandon Wheat Kings
79.7%
Ontario Hockey League
Sault Ste Marie Greyhounds
76.2%
Ontario Hockey League
Oshawa Generals
75%
Western Hockey League
Medicine Hat Tigers
75%
Western Hockey League
Seattle Thunderbirds
75%
Western Hockey League
Portland Winterhawks
74.8%
Western Hockey League
Tri-City Americans
74.6%
Western Hockey League
Saskatoon Blades
74%
Western Hockey League
Kelowna Rockets
73.9%
Ontario Hockey League
Barrie Colts
73.8%
Ontario Hockey League
Kitchener Rangers
73.8%
Western Hockey League
Regina Pats
73.5%
Ontario Hockey League
North Bay Battalion
73.2%
Ontario Hockey League
Hamilton Bulldogs
72.2%
Ontario Hockey League
Peterborough Petes
71.2%
Quebec Major Junior Hockey League
Rimouski Océanic
71.2%
Ontario Hockey League
Mississauga Steelheads
71.1%
Quebec Major Junior Hockey League
Quebec Remparts
70.9%
Western Hockey League
Victoria Royals
69.8%
Ontario Hockey League
Sudbury Wolves
69.3%
Western Hockey League
Red Deer Rebels
69.3%
League
Team
% Correct
Ontario Hockey League
Flint Firebirds
69.1%
Ontario Hockey League
Guelph Storm
69.1%
Quebec Major Junior Hockey League
Saint John Sea Dogs
69.1%
Ontario Hockey League
Kingston Frontenacs
68.8%
Ontario Hockey League
Niagara IceDogs
68.8%
Western Hockey League
Kamloops Blazers
68.5%
Western Hockey League
Spokane Chiefs
68.1%
Ontario Hockey League
Sarnia Sting
67.8%
Quebec Major Junior Hockey League
Acadie-Bathurst Titan
67.4%
Western Hockey League
Prince Albert Raiders
66.9%
Quebec Major Junior Hockey League
Cape Breton Screaming Eagles
66.6%
Western Hockey League
Lethbridge Hurricanes
66.6%
Western Hockey League
Prince George Cougars
66.4%
Quebec Major Junior Hockey League
Gatineau Olympiques
66.1%
Western Hockey League
Everett Silvertips
65.4%
Western Hockey League
Swift Current Broncos
64.7%
Quebec Major Junior Hockey League
Blainville-Boisbriand Aramada
64%
Ontario Hockey League
Saginaw Spirit
63.8%
Quebec Major Junior Hockey League
Charlottetown Islanders
63.5%
Quebec Major Junior Hockey League
Victoriaville Tigres
63.3%
Western Hockey League
Moose Jaw Warriors
63.3%
Quebec Major Junior Hockey League
Moncton Wildcats
62.9%
Ontario Hockey League
Owen Sound Attack
62.6%
Quebec Major Junior Hockey League
Rouyn-Noranda Huskies
62.3%
Quebec Major Junior Hockey League
Drummondville Voltigeurs
61.2%
Quebec Major Junior Hockey League
Shawinigan Cataractes
59.9%
Quebec Major Junior Hockey League
Val-D'or Foreurs
59.5%
Quebec Major Junior Hockey League
Baie-Comeau Drakkar
57.7%
Quebec Major Junior Hockey League
Chicoutimi Saguenéens
54.6%
Quebec Major Junior Hockey League
Sherbrooke Phoenix
53%
Quiz Playlist
Details
Report
Send in Message
Add To Playlist
Classic:
Type in answers that appear in a list
Quiz Source
Last Updated: Jun 26, 2019
Curator Pick in
Hockey
Quiz Scoreboard
CHALLENGE
Sign Up to Join the Scoreboard
Show All
Scores
Hide
Comments
May contain spoilers
Recently Published
9x9 Crossword: Cartoon Network
by jackfrog10
Miscellaneous
3m
College Basketball Coaching Resumes
by pancakes188
Sports
9m
Billboard Blitz: Fleetwood Mac
by CooCooCachoo
Music
15s
More to Explore
Quiz From the Vault
Featured Blog Post
Where Did the Easter Bunny Come From?
hide this ad
You Might Also Like...
Tags
Canada Quiz
Hockey Quiz
Sports Teams Quiz
Junior Hockey
Today's Top Quizzes in Sports
Browse Sports
hide this ad
Today's Top Quizzes in Canada
Browse Canada
Top Contributed Quizzes in Sports
1
2022 World Cup Stars
2
Les meilleurs buteurs des matchs entre le PSG et l’OM
3
FIFA Club World Cup Champions
4
Les entraîneurs de l'OM et du PSG au 21e siècle
5
Criteria MLB: Left Handed Sluggers
6
AFC Teams Reveal (Wrong Answers Minefield)
7
2023 MLB Unique Player Accomplishments
8
Players with Multiple 50 Home Run Seasons
9
5-to-1: FBS Animal Nicknames
10
5-to-1: UK Sports Teams
Explore More
Trending Topics
Crossword
Anime
Harry Potter
Disney
Kpop
Marvel
NBA
Song
WWE
Soccer
Puzzle
Country
NFL
The Office
Pokémon
hide this ad
More By:
Leafsdude
Quiz
Plays
Rating
Category
Featured
Created
Canadian Hockey League Teams
709
5.00
Sports
Nov 23, 2017
Warcraft 2 Logic Quiz
157
Gaming
Mar 18, 2016
NHL Sweater Numbers 40-99
115
5.00
Sports
Feb 24, 2016
Warcraft 2 - Units, Buildings And Upgrades
102
3.50
Gaming
Mar 16, 2016
Go to Creator's Profile
Score Distribution
Quiz Creator Spotlight
Leafsdude
Follow
Send a Message
Quizzes Created
-
Created Quiz Play Count
-
More By This Creator
Popular Quizzes Today
1
Find the US States - No Outlines Minefield
2
Find the Countries of Europe - No Outlines Minefield
3
The Countries of the World
4
Find the US States
5
Risky Map Clicking: Biggest States A-Z
6
US States
7
Popular People in 1961
8
Movies - When Are They Set?
More Sports Quizzes
Lewis or Seb?: Wins (2017)
Quiz Lab
Trending Quizzes
Risky Map Clicking: Least Populous States A-Z
1-10 Letter G Words
1-10 Letter F Words
Risky Map Clicking: Next State Alphabetically
Adjectives in 80s TV Shows
Recently Updated
Leaping Animals
pecheneg
Reality TV Shows (A-Z)
bhenderson79
Rickey Henderson's Hall of Fame Teammates
pecheneg
Champions League XIs: Arsenal
pecheneg
Quick Pick: Celebrities in WWE's Hall of Fame
aduchscher
A-Z Keypad Blitz II
pecheneg
Multiple Oscar Actors
pecheneg
Mystery Phrase Blitz: Oscar 'Best Actors'
pecheneg
F. Scott Fitzgerald Novels
LTH
Pick 3 Villains
ddd62291
Trending Topics
NBA
Kpop
Anime
Marvel
Harry Potter
Disney
Crossword
The Office
Puzzle
WWE
NFL
Soccer
Song
Pokémon
Country
Your Account Isn't Verified!
In order to create a playlist on Sporcle, you need to verify the email address you used during registration. Go to your
Sporcle Settings
to finish the process.
Report this User
Report this user for behavior that violates our
Community Guidelines
.
Details:
Send Report
Go to the Sporcle.com Mobile Site →
Comments